Video Game Characters By Picture - F - Statistics

General Stats
  • This quiz has been taken 186 times
  • The average score is 8 of 12
Answer Stats
Picture Answer % Correct
Freddy Fazbear
97%
Flappy Bird
85%
Captain {Falcon}
84%
Fox McCloud
84%
Foxy
74%
Fireboy
70%
Frogger
67%
Franklin Clinton
66%
Flowey
54%
Frisk
40%
Frank West
35%
Faith
13%
No matching quizzes found
Score Distribution
Percent of People with Each Score
Percentile by Number Answered
Your Score History
You have not taken this quiz